Finanční leasing nemovitostí

Základné pojmy a definícia leasingu. Finančný leasing nehnuteľností, jeho výhody a nevýhody. Formy finančného leasingu. Operatívny leasing nehnuteľností. Právna úprava leasingových zmlúv. Daňové normy. Leasingové spoločnosti zaoberajúce sa leasingom nehnuteľností v ČR. Porovnanie finančných efektov...

Descrizione completa

Salvato in:
Dettagli Bibliografici
Autore principale: Hauser, Gerd
Natura: Capitolo di libro
Lingua:ceco
Soggetti:
Tags: Aggiungi Tag
Nessun Tag, puoi essere il primo ad aggiungerne!!

MARC

LEADER 00000naa a2200000 4500
001 r039945
005 20231003114230.0
041 0 |a cze 
044 |a CZ 
245 1 0 |a Finanční leasing nemovitostí  |c Gerd Hauser 
520 |a Základné pojmy a definícia leasingu. Finančný leasing nehnuteľností, jeho výhody a nevýhody. Formy finančného leasingu. Operatívny leasing nehnuteľností. Právna úprava leasingových zmlúv. Daňové normy. Leasingové spoločnosti zaoberajúce sa leasingom nehnuteľností v ČR. Porovnanie finančných efektov leasingu nehnuteľností a hypotekárneho úveru. 
610 2 0 |a lízing finančný 
610 2 0 |a nehnuteľnosti 
610 2 0 |a pojmy 
610 2 0 |a lízing operatívny 
610 2 0 |a zmluvy 
610 2 0 |a úpravy právne 
610 2 0 |a dane 
610 2 0 |a spoločnosti lízingové 
610 2 0 |a úver hypotekárny 
100 1 |a Hauser, Gerd